Statistics for Click Quiz: Roman to Greek Gods

Click here to take the quiz!

General Stats

  • This quiz has been taken 15,914 times
  • The average score is 16 of 25

Answer Stats

HintAnswer% Correct
ApolloApollo
87%
HerculesHeracles
84%
NeptunePoseidon
84%
VenusAphrodite
81%
MarsAres
79%
JupiterZeus
79%
ProserpinePersephone
74%
CupidEros
72%
BacchusDionysus
70%
TerraGaia
67%
SolHelios
65%
PlutoHades
64%
FaunusPan
62%
MercuryHermes
61%
MinervaAthena
59%
VulcanHephaestus
59%
JunoHera
59%
DianaArtemis
57%
SomnusHypnos
56%
VictoriaNike
52%
SaturnCronus
48%
LunaSelene
47%
CeresDemeter
40%
AuroraEos
26%
OpsRhea
21%

Score Distribution

Percentile by Number Answered

Percent of People with Each Score

Your Score History

You have not taken this quiz